|
|
|
|
| LEADER |
00862nam a22002057a 4500 |
| 008 |
150206b xxu||||| |||| 00| 0 eng d |
| 020 |
|
|
|a 9788182655805
|
| 082 |
|
|
|a 894.13 SRE
|
| 100 |
|
|
|a ശ്രീദേവി, എസ്.
|
| 240 |
|
|
|a Megharagam
|
| 245 |
|
|
|a മേഘരാഗം /
|c എസ്. ശ്രീദേവി
|
| 250 |
|
|
|a 1st ed.
|
| 260 |
|
|
|a Kozhikode :
|b Grassroots novel club,
|c 2013.
|
| 300 |
|
|
|a 207p.
|
| 650 |
|
|
|a Novel
|
| 700 |
|
|
|a Sreedevi, S.
|
| 942 |
|
|
|2 ddc
|c BK
|
| 999 |
|
|
|c 10017
|d 10017
|
| 952 |
|
|
|0 0
|1 0
|2 ddc
|4 0
|6 894_130000000000000_SRE
|7 0
|9 14173
|a MAIN
|b MAIN
|d 2015-02-06
|e Mathrubhumi Books
|g 160.00
|l 3
|o 894.13 SRE
|p 14345
|r 2018-10-01
|s 2018-09-29
|t 1
|w 2015-02-06
|y BK
|
| 952 |
|
|
|0 0
|1 0
|2 ddc
|4 0
|6 894_130000000000000_SRE
|7 0
|9 14174
|a MAIN
|b MAIN
|d 2015-02-06
|e Mathrubhumi Books
|g 160.00
|l 3
|o 894.13 SRE
|p 14346
|r 2018-02-26
|s 2018-02-23
|t 2
|w 2015-02-06
|y BK
|